000 00706nam0a22002411 4500
001 rc\3023724
005 20250530014954.0
035 _a(NLR Aleph) 007165473
090 _a7292351
_c7292351
100 _a20110928d1940 |||y0rusy50 ca
101 0 _arus
102 _aRU
105 _ay z |||||
200 1 _aОливковая роща
_eРассказы
_aˆ[‰В море]
_fГюи де Мопассан
210 _aМосква
_cПравда
_d1940
215 _a48 с.
_d15 см
225 1 _aБиблиотека "Огонек"
_v№ 13
700 1 _aМопассан
_bГ.
_gГюи
801 0 _aRU
_bNLR
_gpsbo
801 1 _aRU
_bELAR
_2rusmarc
852 _aNLR
_j40-8/451
942 _cBOOK
980 _aNB